00501nam a2200133 a 4500001000400000003000500004005001700009008004100026040002000067110008800087245015700175260002500332300001000357433CDMR20131210165731.0130130s1971||||||||||||||||||||||||||||d aCDMRbcatcCDMR2 aCentro Internacional de Estudios Superiores de Comunicación para América Latina10aCentro de Documentación de la Investigación de la Comunicación Colectivab: informe del proyecto piloto para América Latina, España y Portugal aQuitoc1971bCIESPAL c26 cm